[Event "ISL-chT 1415"]
[Site "Reykjavik"]
[Date "2015.03.20"]
[Round "7.4"]
[White "Gudmundsson, Kjartan"]
[Black "Snorrason, Snorri"]
[Result "1/2-1/2"]
[WhiteElo "1977"]
[BlackElo "1909"]
[PlyCount "64"]
[EventDate "2014.10.02"]
[EventType "team-tourn"]
[EventRounds "9"]
[EventCountry "ISL"]
[SourceTitle "EXT 2016"]
[Source "ChessBase"]
[SourceDate "2015.10.08"]
[SourceVersion "1"]
[SourceVersionDate "2015.10.08"]
[SourceQuality "1"]
[WhiteTeam "Vestmannaeyja"]
[BlackTeam "Reykjanesbaejar"]
[WhiteTeamCountry "ISL"]
[BlackTeamCountry "ISL"]

1. e4 c6 2. d4 d5 3. exd5 cxd5 4. c4 Nf6 5. Nc3 g6 6. c5 Nc6 7. Bb5 a6 8. Ba4 Bd7 9. Nge2 Bg7 10. 0-0 0-0 11. a3 b5 12. cxb6 Qxb6 13. Rb1 Bf5 14. Ra1 Rfd8 15. Re1 Ra7 16. Ng3 Be6 17. Nce2 Bg4 18. Bxc6 Qxc6 19. f3 Bd7 20. Bg5 Rb8 21. Qd2 Qb6 22. Rab1 e6 23. Kh1 Ne8 24. Be7 Rab7 25. Bc5 Qd8 26. b4 Bb5 27. Nc3 Nd6 28. Nf1 Nc4 29. Qc1 Qh4 30. Nxb5 axb5 31. g3 Qh5 32. Kg2 Qf5 1/2-1/2

[Event "Reykjavik Hellir CC-ch"]
[Site "Reykjavik"]
[Date "2008.02.??"]
[Round "5"]
[White "Baldursson, Hrannar"]
[Black "Snorrason, Snorri"]
[Result "1-0"]
[WhiteElo "2097"]
[BlackElo "1905"]
[PlyCount "105"]
[EventDate "2008.02.??"]
[EventType "swiss"]
[EventRounds "7"]
[EventCountry "ISL"]
[SourceTitle "EXT 2010"]
[Source "ChessBase"]
[SourceDate "2010.11.25"]
[SourceVersion "1"]
[SourceVersionDate "2010.11.25"]
[SourceQuality "1"]

1. e4 c6 2. d4 d5 3. exd5 cxd5 4. Bd3 Nc6 5. Ne2 Bg4 6. f3 Bd7 7. Nbc3 Nb4 8. 0-0 Nxd3 9. Qxd3 e6 10. Bf4 Qb6 11. Rfe1 Nf6 12. a4 Bb4 13. Be5 h5 14. Nf4 0-0-0 15. Reb1 Bd6 16. a5 Qc7 17. Qe2 Bxe5 18. dxe5 Qc5+ 19. Kh1 Ne8 20. Ra3 Nc7 21. b4 Qc4 22. Nd3 Nb5 23. Nxb5 Bxb5 24. Qd2 d4 25. Nc5 f6 26. a6 bxa6 27. exf6 gxf6 28. Qf4 f5 29. Qe5 Qd5 30. Qxe6+ Qxe6 31. Nxe6 Rd6 32. Nf4 Re8 33. Raa1 h4 34. Rd1 Rd7 35. h3 Bc4 36. Rd2 Re3 37. Rad1 Rc3 38. Rxd4 Rxd4 39. Rxd4 Rxc2 40. Ng6 Kc7 41. Nxh4 Be6 42. Rf4 Rb2 43. Nxf5 Bxf5 44. Rxf5 Rxb4 45. g4 Rb5 46. Rf4 a5 47. Ra4 Kb6 48. h4 Rb3 49. Kg2 Kb5 50. Ra1 Rd3 51. h5 a4 52. h6 Rd6 53. h7 1-0

[Event "Reykjavik Hellir CC Stiga"]
[Site "Reykjavik"]
[Date "2007.05.19"]
[Round "4"]
[White "Salama, Omar"]
[Black "Snorrason, Snorri"]
[Result "0-1"]
[WhiteElo "2194"]
[BlackElo "1888"]
[PlyCount "71"]
[EventDate "2007.05.17"]
[EventType "swiss"]
[EventRounds "6"]
[EventCountry "ISL"]
[SourceTitle "EXT 2024"]
[Source "ChessBase"]
[SourceDate "2023.10.10"]
[SourceVersion "1"]
[SourceVersionDate "2023.10.10"]
[SourceQuality "1"]

1. Nf3 d5 2. d4 c6 3. e3 e6 4. Bd3 f5 5. 0-0 Nf6 6. b3 b6 7. c4 Bd6 8. Ba3 c5 9. Qc2 Ne4 10. dxc5 bxc5 11. cxd5 exd5 12. Nc3 Bb7 13. Bb5+ Nd7 14. Rfd1 Nxc3 15. Qxc3 0-0 16. Bxd7 Qxd7 17. Bxc5 Rac8 18. b4 Rf6 19. Qd4 Bb8 20. Bxa7 Bc7 21. a4 Qe8 22. b5 Rh6 23. Rac1 Qh5 24. Kf1 Qe8 25. h3 Rf6 26. Rc3 Ba5 27. Rxc8 Qxc8 28. Qc5 Qe8 29. Rd4 Bd8 30. Rxd5 Bxd5 31. Qxd5+ Kh8 32. Bd4 Rf8 33. Ne5 Be7 34. a5 Qh5 35. Kg1 h6 36. Qe6 0-1

[Event "Reykjavik Hellir CC Stiga"]
[Site "Reykjavik"]
[Date "2007.05.18"]
[Round "3"]
[White "Snorrason, Snorri"]
[Black "Vigfusson, Vigfus Odon"]
[Result "1-0"]
[WhiteElo "1888"]
[BlackElo "1905"]
[PlyCount "115"]
[EventDate "2007.05.17"]
[EventType "swiss"]
[EventRounds "6"]
[EventCountry "ISL"]
[SourceTitle "EXT 2024"]
[Source "ChessBase"]
[SourceDate "2023.10.10"]
[SourceVersion "1"]
[SourceVersionDate "2023.10.10"]
[SourceQuality "1"]

1. d4 Nf6 2. Bf4 e6 3. e3 d5 4. Nf3 Bd6 5. Ne5 0-0 6. Nd2 c5 7. c3 c4 8. a4 Qc7 9. Bg3 Nc6 10. f4 a6 11. Be2 Nd7 12. b3 cxb3 13. Qxb3 Na5 14. Qc2 f5 15. 0-0 Bxe5 16. fxe5 Nb6 17. Rfb1 Bd7 18. Rb4 Rab8 19. Qb2 Nbc4 20. Nxc4 Nxc4 21. Bxc4 a5 22. Rb5 Qxc4 23. Rxa5 Rfc8 24. Be1 b5 25. axb5 Bxb5 26. Qf2 Rc7 27. Ra8 Rxa8 28. Rxa8+ Kf7 29. h3 Rb7 30. Kh2 Qe2 31. Qh4 h6 32. Qf2 Qxf2 33. Bxf2 Bd3 34. Rc8 g5 35. Rh8 Kg7 36. Rc8 Rb2 37. Kg1 f4 38. exf4 gxf4 39. Rc6 Kf7 40. Rc7+ Kg6 41. Rc8 Rc2 42. Rf8 Bf5 43. Rc8 Rc1+ 44. Kh2 Be4 45. Rf8 Rc2 46. Rxf4 Rxc3 47. Rf6+ Kg5 48. Rxe6 h5 49. h4+ Kg4 50. Re8 Rc2 51. Rg8+ Kf4 52. e6 Rc7 53. Rf8+ Kg4 54. Rf7 Rc8 55. e7 Re8 56. Bg3 Bf5 57. Bd6 Bg6 58. Rf4# 1-0